Statistics for Države najbliže Srbiji - 30 sekundi sprint

Click here to take the quiz!

General Stats

  • This quiz has been taken 1 374 times
  • The average score is 9 of 20

Answer Stats

kmzemlja% Correct
0Hrvatska
86%
0Bosna i
Hercegovina
84%
0Crna Gora
77%
0Rumunija
77%
0Bugarska
75%
0Mađarska
73%
38Albanija
69%
0Makedonija
69%
114Grčka
44%
187Slovenija
42%
0Kosovo
37%
189Slovačka
20%
218Austrija
18%
311Italija
18%
313Turska
18%
485Njemačka
13%
333Češka
11%
435Moldavija
8%
284Ukrajina
8%
334Poljska
6%

Score Distribution

Percentile by Number Answered

Percent of People with Each Score

Your Score History

You have not taken this quiz